Voos com origem em São Luís (SLZ) - Statistics

Estatísticas Gerais
  • Esse quiz foi jogado 17 vezes
  • A pontuação média é 11 de 14
Estatísticas das Respostas
Cia aérea Destino % Correto
Gol, LATAM São Paulo-Guarulhos
100%
Gol, LATAM Brasília
92%
Azul Conecta, Gol, LATAM Fortaleza
92%
Azul Recife
92%
Gol, LATAM Rio de Janeiro-Galeão
92%
Gol Salvador
92%
Azul, LATAM Teresina
92%
Azul Belém
83%
Azul, Gol Belo Horizonte-Confins
83%
Azul Imperatriz
83%
Azul Campinas
75%
Azul Conecta Parnaíba
58%
Azul Conecta Jericoacoara
50%
Azul Conecta Barreirinhas
42%
Nenhum quiz correspondente encontrado
Distribuição das Pontuações
Porcentagem de Pessoas com Cada Pontuação
Percentil de Números Respondidos
Sua Pontuação Histórica
Você não jogou esse quiz